| 000 -LEADER |
| fixed length control field |
00862nam a2200217Ia 4500 |
| 001 - CONTROL NUMBER |
| control field |
20086 |
| 003 - CONTROL NUMBER IDENTIFIER |
| control field |
GE_BSU |
| 005 - DATE AND TIME OF LATEST TRANSACTION |
| control field |
20250513144509.0 |
| 008 - FIXED-LENGTH DATA ELEMENTS--GENERAL INFORMATION |
| fixed length control field |
181216s1961||||ru |||||||||||||| ||rus|| |
| 040 ## - CATALOGING SOURCE |
| Transcribing agency |
GE_BSU |
| 080 ## - UNIVERSAL DECIMAL CLASSIFICATION NUMBER |
| Universal Decimal Classification number |
398.2(3)(038) + 2-264(3)(038) М-68 |
| 100 ## - MAIN ENTRY--PERSONAL NAME |
| Personal name |
Ботвинник, М. Н. |
| 9 (RLIN) |
25033 |
| 245 ## - TITLE STATEMENT |
| Title |
Мифологический словарь / |
| Statement of responsibility, etc. |
М. Н. Ботвинник, М. А. Коган ; Ред. : Г. А. Стратанозский. |
| 264 ## - PRODUCTION, PUBLICATION, DISTRIBUTION, MANUFACTURE, AND COPYRIGHT NOTICE |
| Place of production, publication, distribution, manufacture |
Ленинград : |
| Name of producer, publisher, distributor, manufacturer |
Гос. учеб. - педагог. изд. Минист. просвещ. РСФСР, |
| Date of production, publication, distribution, manufacture, or copyright notice |
1961. |
| 300 ## - PHYSICAL DESCRIPTION |
| Extent |
292 стр. ; |
| Dimensions |
23 см. |
| 653 ## - INDEX TERM--UNCONTROLLED |
| keyword |
Мифологический словарь |
| 700 ## - ADDED ENTRY--PERSONAL NAME |
| Personal name |
Коган, М. А. |
| Dates associated with a name |
Автор |
| 9 (RLIN) |
25034 |
| 700 ## - ADDED ENTRY--PERSONAL NAME |
| Personal name |
Стратанозский, Г. А. |
| Dates associated with a name |
Ред. |
| 9 (RLIN) |
25035 |
| 942 ## - ADDED ENTRY ELEMENTS (KOHA) |
| Koha item type |
წიგნი |
| Source of classification or shelving scheme |
|